000 00480nam a22001457a 4500
003 MACL
005 20200211164606.0
008 200211b xxu||||| |||| 00| 0 eng d
040 _cMACL
100 _aसिंह,दशरथ
_978058
245 _aभारत में मुगल साम्राज्‍य
260 _aनई दिल्‍ली
_bकेशव बुक्‍स
_c2017
650 _aभारतीय इतिहास
_931578
942 _2ddc
_cHIN
999 _c62011
_d62011